000 00431nam a2200205Ia 4500
001 14359
003 GE_BSU
008 181216s||||||||xx |||||||||||||| ||und||
020 _a0340734876
040 _cGE_BSU
080 _a821.111-31
100 _aNicholls,David
245 _aStarter for ten.
260 _aLondon
260 _bFlame
260 _c2003
300 _a473p.20cm.
653 _aStarter for ten.
942 _cBK
999 _c47495
_d47495